Propuesta de renovación urbana del sector denominado La Piñata, ubicado en el distrito I de la ciudad de Managua
Estudia la propuesta de renovación urbana del sector denominado La Piñata, ubicado en el distrito I de la ciudad de Managua, propone de manera formal una solución para minimizar y resolver la problemática existente en el lugar para aprovechar la plusvalía del lugar por su ubicación.
| Main Authors: | , |
|---|---|
| Other Authors: | |
| Format: | Tesis Section = Libro |
| Language: | Undetermined Spanish |
| Published: |
Managua
UNI
2014
|
| Subjects: |
| LEADER | 01143nam a2200265Ia 4500 | ||
|---|---|---|---|
| 008 | 240830s9999 xx 000 0 und d | ||
| 040 | |a BIBLIOTECA-RUSB/ Mon 711.5 G643 | ||
| 041 | |a spa | ||
| 082 | |a Mon 711.5 G643 | ||
| 100 | 1 | |a González Calero, Heydy Izamara | |
| 100 | 1 | |b Polanco Mejía, Yanifa Suyen | |
| 245 | 1 | 0 | |a Propuesta de renovación urbana del sector denominado La Piñata, ubicado en el distrito I de la ciudad de Managua |
| 260 | |a Managua |b UNI |c 2014 | ||
| 300 | |a 159 p. :il. | ||
| 500 | |a Contiene: anexos e Incluye: CD. | ||
| 502 | |a Tesis (Arquitecto) - UNI, 2014. | ||
| 520 | 3 | |a Estudia la propuesta de renovación urbana del sector denominado La Piñata, ubicado en el distrito I de la ciudad de Managua, propone de manera formal una solución para minimizar y resolver la problemática existente en el lugar para aprovechar la plusvalía del lugar por su ubicación. | |
| 650 | 7 | |a RENOVACION URBANA | |
| 650 | 7 | |b DESARROLLO URBANO | |
| 650 | 7 | |c PLANIFICACION URBANA | |
| 650 | 7 | |d USO DEL SUELO URBANISMO | |
| 700 | 1 | |a Tutor: |b Morales Alonso, Fernando | |
| 942 | |c BK |2 ddc | ||
| 991 | |a TESIS | ||
| 999 | |c 21004 | ||